000 00766nam a22002897a 4500
001 BR7500351
003 BR-BrBNA
005 20241010115437.0
008 230509b bl.||||| |||| 00| 0 por d
040 _aBR-BrBNA
_bpor
041 _a(Por)
072 _aC00; E30
_b/G514
090 _aC00
_bBR7500351
110 1 _aFundação Getúlio Vargas
245 1 _aCurso de mestrado em desenvolvimento agrícola /
260 3 _aRio de Janeiro, RJ
300 _avp.
500 _aPublished after 1975
650 _aEducação
650 _aDesenvolvimento agrícola
650 _aPlanejamento agrícola
650 _aCurso
650 _aDesenvolvimento rural
909 _a10/2024
_bSARAH
942 _cBK
999 _c20660
_d20660